| 000 | 00422nam a2200181Ia 4500 | ||
|---|---|---|---|
| 001 | 11093 | ||
| 005 | 20260306161920.0 | ||
| 008 | 260306t2010||||xx |||||||||||||| ||spa|| | ||
| 041 | _aESP | ||
| 082 |
_a985.0072 _bT79 |
||
| 100 |
_aValle Rondón, Fernando (ed.) _eAUT |
||
| 245 | 0 | _aTres historiadores y un presente | |
| 260 | _c2010 | ||
| 300 |
_a _c |
||
| 650 | _aGEN | ||
| 654 | _aCHU | ||
| 942 |
_cLIB _dJUS _fJUS _2ddc _n |
||
| 999 |
_c11093 _d11093 |
||